000 00242nam a22001097a 4500
082 _a658.11 DAL'G
100 _aDALE, ERNEST
_956963
245 _aTHE GREAT ORGANIZERS
260 _aNEWYORK
_bMCGRAW HILL
_c1960
300 _a277P
942 _cBK
999 _c567285
_d567285